مكتبة جامعة عجلون الوطنية

فهرس بحث المكتبة

أثر بيئة العمل على سلوك العاملين في المصارف الاسلامية الاردنية = The Impact of the Business Environment on the Behavior of Employees in Jordanian Islamic Banks / (Record no. 33448)

MARC details
000 -LEADER
fixed length control field 01100nam a22001937a 4500
003 - CONTROL NUMBER IDENTIFIER
control field JO-AjAnu
005 - DATE AND TIME OF LATEST TRANSACTION
control field 20240710112834.0
008 - FIXED-LENGTH DATA ELEMENTS--GENERAL INFORMATION
fixed length control field 240414b jo ||||| |||| 00| 0 ara d
040 ## - CATALOGING SOURCE
Original cataloging agency JO-AjAnu
Language of cataloging ara
Transcribing agency JO-AjAnu
041 #0 - LANGUAGE CODE
Language code of text/sound track or separate title ara
100 #1 - MAIN ENTRY--PERSONAL NAME
Personal name العامري، علاء الدين محمد سعد
Relator term معد
9 (RLIN) 65350
245 10 - TITLE STATEMENT
Title أثر بيئة العمل على سلوك العاملين في المصارف الاسلامية الاردنية = The Impact of the Business Environment on the Behavior of Employees in Jordanian Islamic Banks /
Statement of responsibility, etc. اعداد علاء الدين محمد سعد العامري ؛ اشراف محي الدين يعقوب ابو الهول
260 ## - PUBLICATION, DISTRIBUTION, ETC.
Date of publication, distribution, etc. 2023
300 ## - PHYSICAL DESCRIPTION
Extent 113 ورقة
500 ## - GENERAL NOTE
General note رسالة جامعية ( رسالة ماجستير في المصارف الاسلامية) - جامعة عجلون الوطنية ( عجلون، الاردن)، كلية الاعمال، 2023.
650 70 - SUBJECT ADDED ENTRY--TOPICAL TERM
Topical term or geographic name entry element المصارف الاسلامية - الاردن
9 (RLIN) 65351
700 #1 - ADDED ENTRY--PERSONAL NAME
Personal name ابو الهول، محي الدين يعقوب
9 (RLIN) 64950
Relator term مشرف
942 ## - ADDED ENTRY ELEMENTS (KOHA)
Source of classification or shelving scheme Library of Congress Classification
Koha item type Thesis
Suppress in OPAC No
Holdings
Withdrawn status Lost status Source of classification or shelving scheme Damaged status Not for loan Home library Current library Date acquired Total Checkouts Full call number Barcode Date last seen Price effective from Koha item type
    Library of Congress Classification     مكتبة جامعة عجلون الوطنية مكتبة جامعة عجلون الوطنية 14/04/2024   BP940.232 2023 a29346 14/04/2024 14/04/2024 Thesis
    Library of Congress Classification     مكتبة جامعة عجلون الوطنية مكتبة جامعة عجلون الوطنية 14/04/2024   BP940.232 2023 a29345 14/04/2024 14/04/2024 Thesis